V znamení spojenia teórie s praxou

Bibliographic Details
Main Authors: Weiskopf, Štefan, 1921- (Author), Lipták, František (Author)
Format: Article
Language:Slovak
Subjects:

MARC

LEADER 00000nab a2200000 a 4500
001 vtls000310677
003 SK-MaSNL
005 20260302215707.0
008 111201c1978 xo 0 slo
015 |a SNBRB19rr/mm-uuuuu 
035 |a CL0000769 
040 |a SNKBUCL  |b slo  |c SNKBUCL  |e AACR2 
041 0 |a slo 
044 |a xo  |c SK 
080 |a 334.7  |2 1981 
080 |a 331.1  |2 1981 
100 1 |a Weiskopf, Štefan,  |d 1921-  |4 aut  |9 112743 
245 1 0 |a V znamení spojenia teórie s praxou  |c Štefan Weiskopf ; František Lipták 
650 0 7 |a podniky  |2 snkbucl  |9 923 
650 0 7 |a riadenie  |2 snkbucl  |9 924 
650 0 7 |a racionalizácia  |2 snkbucl  |9 938 
655 7 |a články z novín a časopisov  |2 snkbucl  |9 267496 
700 1 |a Lipták, František  |4 aut  |9 296215 
773 0 |t Technické noviny  |g Roč. 26, č. 4 (24. 1. 1978), s. 5 
787 0 8 |i Rec.:  |a Lipták, František  |t Racionalizačný program podniku  |d Bratislava : Vydavateľstvo ROH, 1978 
850 |a Slovenská národná knižnica v Martine  |a MTA001 
852 |a SNK  |b KIS3GCP 
958 |a RK 
992 |a RBX 
999 |c 1503549  |d 1505479